Statistiques concernant Culture Générale - Série 1286

Cliquez ici pour prendre le quiz!

Statistiques générales

  • Ce quiz a été pris 34 fois
  • Le résultat moyen est 6 sur 10

Statistiques - réponses

Question Réponse % Correct
De quelle famille de graines robusta et arabica sont-elles les deux principales variétés ?café
94%
Le désert de Gobi couvre une partie de la Mongolie et de quel autre pays ?Chine
91%
Dans quelle ville américaine de l'état de Californie trouve-t-on le célèbre pont suspendu "Golden Gate" ?San Francisco
88%
Dans quel pays se trouve la ville antique de Pétra ?Jordanie
82%
Quel détroit divise la ville d'Istanbul ?Bosphore
61%
Dans quelle capitale européenne se trouve la cathédrale de l'Intercession-de-la-Vierge, aussi appelée cathédrale Basile-le-Bienheureux ou Saint-Basile ?Moscou
58%
Dans quel pays se trouve l'escalier mécanique le plus court du monde - 5 marches pour monter 83 cm ?Japon
52%
Quel comté d'Angleterre a donné son nom à une espèce de chien et à un type de pudding ?Yorkshire
45%
En Europe, quelle langue utilise le mot « agur » pour dire « au revoir » ou « bonjour » ?basque
18%
Dans quel pays non européen se trouvent les Alpes du Sud ?Nouvelle-Zélande
12%

Distribution des résultats

Percentile par nombre de réponses

% des personnes avec chaque résultat

Votre développement - résultats

Vous n’avez pas pris ce quiz